Word Ladder: Animal Idioms Quiz Stats

Quiz Updated Mar 1, 2016

Challenge
Share
Tweet
Embed
Score 0/28 Timer 03:00
3 Plays Today
Hint 4-Letter Word % Correct
Pig meatPORK
97.2%
* The early bird gets the ____ ** WORM *
96.9%
Where many are from 9 to 5WORK
96.5%
Element with symbol AuGOLD
95.5%
It might surround a castleMOAT
94.8%
Earth's natural satelliteMOON
94.7%
Prod with a fingerPOKE
93.4%
Skin openingPORE
93.1%
Give up a poker handFOLD
93%
* To irritate: get one's ____ ** GOAT *
91.4%
Not worth discussingMOOT
91.3%
ProvokeGOAD
89.2%
* One-trick ___ ** PONY *
89.1%
* Crazy as a ____ ** LOON *
88.9%
Hint 4-Letter Word % Correct
Handsome manHUNK
86.1%
* Eyes like a ____ ** HAWK *
85.8%
Actor ____ AzariaHANK
85.2%
Genre of the Ramones and The ClashPUNK
85.2%
It often follows functionFORM
84.5%
To cross a riverFORD
84.3%
SmallPUNY
84.1%
Annoyingly slowPOKY
83.7%
* March comes in like a ____ and out like a [last rung] ** LION *
82.2%
Hems and ____HAWS
80.6%
Toothy villain of a 1975 blockbusterJAWS
79.6%
* March comes in like a [first rung] and out like a ____ ** LAMB *
79.1%
Multiple copy machine mishapsJAMS
78.5%
Vertical side of a doorwayJAMB
72.9%

Today's Daily Dose

You're not logged in!

Compare scores with friends on all Sporcle quizzes.
Sign Up with Email
OR
Log In

You Might Also Like...

Show Comments

Extras

Top Quizzes Today


Score Distribution

Your Account Isn't Verified!

In order to create a playlist on Sporcle, you need to verify the email address you used during registration. Go to your Sporcle Settings to finish the process.